000
00341nam a2200145Ia 4500
008
191201s2012 xx 000 0 und d
082
_a
658.8142
_b
KAE
100
_a
KALKOTA, Ravi
245
0
_a
E-Business 2.0: Roadmap For Success
250
_a
IMP
260
_a
N.Delhi
_b
Pearson
_c
2012
300
_a
544
650
_a
MBA
942
_2
ddc
_c
BK
999
_c
4197
_d
4197